000 00379nam a2200157Ia 4500
005 20240807062352.0
008 240806s9999||||xx |||||||||||||| ||eng||
041 _aeng
082 _a891.431009
_bSHAR
100 _aM. B. Shaha
245 0 _aRam bhakti sakha ke agyat kavi /
_cM. B. Shaha
260 _bVidhya Prakashan Kanpur
300 _a0
650 _aHindi
942 _cBK
999 _c16873
_d16873